| 000 | 00428nam a2200157Ia 4500 | ||
|---|---|---|---|
| 005 | 20250403164046.0 | ||
| 008 | 231217s9999 xx 000 0 und d | ||
| 020 | _a9788131405123 | ||
| 082 | _a658.81 JAY;1 R | ||
| 100 | _aJaya Krishna, S ed. | ||
| 245 | 0 | _aSales force automation : concepts and perspectives | |
| 260 |
_c2006 _bIcfai _aHyderabad |
||
| 300 | _aviii, 159 | ||
| 650 | _aSales,force,automation | ||
| 942 | _cAA | ||
| 999 |
_c191280 _d191280 |
||